Semifinalistas da libertadores 2000-2025 - Statistics

Estatísticas Gerais
  • Esse quiz foi jogado 105 vezes
  • A pontuação média é 86 de 104
Estatísticas das Respostas
Ano Pais Time % Correto
2004 | 2005 | 2015 | +5 others Argentina Club Atlético River Plate
99%
2019 | 2021 | 2022 | 2025 Brasil Clube de Regatas do Flamengo
99%
2000 | 2001 | 2018 | +5 others Brasil Sociedade Esportiva Palmeiras
99%
2000 | 2001 | 2003 | +9 others Argentina Club Atlético Boca Juniors
96%
2024 Brasil Botafogo de Futebol e Regatas
95%
2008 | 2023 Brasil Fluminense Football Club
95%
2003 | 2007 | 2011 | +2 others Brasil Santos Futebol Clube
93%
2004 | 2005 | 2006 | +2 others Brasil São Paulo Futebol Clube
93%
2000 | 2012 Brasil Sport Club Corinthians Paulista
92%
2005 | 2022 Brasil Club Athletico Paranaense
91%
2009 Brasil Cruzeiro Esporte Clube
91%
2002 | 2007 | 2009 | +3 others Brasil Grêmio Foot-Ball Porto Alegrense
91%
2025 Argentina Racing Club
91%
2006 | 2010 | 2015 | 2023 Brasil Sport Club Internacional
91%
2011 | 2024 Uruguai Club Atlético Peñarol
89%
2013 | 2021 | 2024 Brasil Clube Atlético Mineiro
88%
2008 | 2025 Equador Liga Deportiva Universitaria
88%
2014 Paraguai Club Nacional
86%
2009 Uruguai Club Nacional de Football
86%
2016 Colômbia Atlético Nacional
82%
2014 Argentina Club Atlético San Lorenzo de Almagro
81%
2002 | 2013 Paraguai Club Olimpia
81%
2000 | 2002 | 2008 México Club de Fútbol América
78%
2009 Argentina Club Estudiantes de La Plata
77%
2002 Brasil São Caetano Futebol
73%
2014 Bolívia Club Bolívar
69%
2015 México Club Tigres de la Universidad Autónoma de Nuevo León
69%
2011 | 2022 Argentina Club Atlético Vélez Sarsfield
65%
2017 Argentina Club Atlético Lanús
64%
2017 | 2021 Equador Barcelona Sporting Club
62%
2005 | 2006 | 2010 México Club Deportivo Guadalajara
62%
2016 Equador Independiente del Valle
61%
2011 Paraguai Club Cerro Porteño
59%
2010 | 2012 Chile Club Universidad de Chile
59%
2004 Colômbia Once Caldas
54%
2006 Paraguai Club Libertad
49%
2001 México Club de Fútbol Cruz Azul
43%
2003 Colômbia América de Cali
36%
2014 Uruguai Defensor Sporting Club
36%
2013 Argentina Club Atlético Newell's Old Boys
35%
2013 Colômbia Independiente Santa Fe
34%
2015 Paraguai Club Guaraní
32%
2001 Argentina Club Atlético Rosario Central
31%
2003 Colômbia Deportivo Independiente Medellín
31%
2007 Colômbia Cúcuta Deportivo
16%
Nenhum quiz correspondente encontrado
Distribuição das Pontuações
Porcentagem de Pessoas com Cada Pontuação
Percentil de Números Respondidos
Sua Pontuação Histórica
Você não jogou esse quiz